| 000 | 01325nam a2200241Ia 4500 | ||
|---|---|---|---|
| 003 | OSt | ||
| 005 | 20210613220023.0 | ||
| 008 | 210310s2011 ck aodbgr 000 0 spa d | ||
| 020 | _a9789586642392 | ||
| 040 |
_aCO-JMCR _cCO-JMCR |
||
| 041 | 0 | _aspa | |
| 082 | 0 | 4 |
_a333.91 / _bB213a _223 |
| 110 | 2 |
_aBanco de la Republica _914538 |
|
| 245 | 1 | 0 |
_aAgua : _bun patrimonio que circula de mano en mano / _cBanco de la Republica |
| 260 |
_aBogotá : _bBanco de la República, _c2011 |
||
| 300 |
_a93 páginas : _bilustraciones, fotografías, gráficas, mapas a color y a blanco y negro ; _c21 x 24 cm. |
||
| 504 | _aBibliografía: páginas 21-22 | ||
| 505 | 0 |
_gAgua: un patrimonio que circula de mano en mano / _rAngela Pérez Mejía _gAgua: Muéstrate, no te escondas / _rManuel Guerrero Legarreta _gLas cuencas y el agua de los Andes / _rErnesto Guhl Nannetti _gAgua en la región Andina. Escasez en un mundo de abundancia / _rGunter Pauli _gEconomía y agua: el papel del recurso hídrico en la estabilidad de precios, la equidad y la supervivencia / _rCarlos Gustavo Cano _gVisión andina del agua / _rRoberto A. Restrepo A. |
|
| 650 | 1 | 4 |
_aConservación del agua _916121 _zRegión Andina |
| 650 | 2 | 4 |
_aUtilización del agua _zRegión Andina _938365 |
| 650 | 2 | 4 |
_aAbastecimiento de agua _zRegión Andina _938366 |
| 942 |
_2ddc _cBK |
||
| 999 |
_c8025 _d8025 |
||